00443pab a2200145 454500008004000000100003200040245004700072260000900119300001300128362001200141650003400153650004200187650002600229773004200255180718b2003 xxu||||| |||| 00| 0 eng d aHernandez, Jose Gpe. Vargas aThe dilemma of governance in Latin America c2003 ap.16-24. aJan-Dec aGlobalization - Latin America aPublic administration - Latin America aPublic administration aAsian Review of Public Administration